| Tag |
First Indicator |
Second Indicator |
Subfields |
| LEADER |
00000cam a2200000Ia 4500 |
| 001 |
in00004581021 |
| 006 |
m o d |
| 007 |
cr mn||||||||| |
| 008 |
080314s2006 flu ob 100 0 eng d |
| 005 |
20220613175800.6 |
| 035 |
|
|
|a (FlBoTFG)9780429148569
|
| 040 |
|
|
|a OCoLC-P
|b eng
|e pn
|c OCoLC-P
|
| 020 |
|
|
|a 1584886048
|q (pbk.)
|
| 020 |
|
|
|a 9781584886044
|q (pbk.)
|
| 035 |
|
|
|a (OCoLC)213386446
|
| 035 |
|
|
|a (OCoLC-P)213386446
|
| 050 |
|
4 |
|a QA371
|b .D54 2006
|
| 082 |
0 |
4 |
|a 515.35
|2 22
|
| 245 |
0 |
0 |
|a Differential equations :
|b inverse and direct problems /
|c edited by Angelo Favini, Alfredo Lorenzi.
|
| 260 |
|
|
|a Boca Raton :
|b Chapman and Hall/CRC,
|c ©2006.
|
| 300 |
|
|
|a 1 online resource (xiii, 288 pages).
|
| 336 |
|
|
|a text
|b txt
|2 rdacontent
|
| 337 |
|
|
|a computer
|b c
|2 rdamedia
|
| 338 |
|
|
|a online resource
|b cr
|2 rdacarrier
|
| 490 |
1 |
|
|a Lecture notes in pure and applied mathematics ;
|v v. 251
|
| 500 |
|
|
|a "Differential equations: inverse and direct problems was held in Cortona, June 21-25, 2004"--Preface.
|
| 588 |
|
|
|a OCLC-licensed vendor bibliographic record.
|
| 650 |
|
0 |
|a Differential equations
|v Congresses.
|
| 650 |
|
0 |
|a Inverse problems (Differential equations)
|v Congresses.
|
| 650 |
|
0 |
|a Banach spaces
|v Congresses.
|
| 655 |
|
7 |
|a Electronic books.
|2 local
|
| 700 |
1 |
|
|a Favini, A.
|q (Angelo),
|d 1946-
|
| 700 |
1 |
|
|a Lorenzi, Alfredo.
|
| 710 |
1 |
|
|a Taylor & Francis.
|
| 730 |
0 |
|
|a MATHnetBASE.
|
| 856 |
4 |
0 |
|u http://proxy.library.tamu.edu/login?url=https://www.taylorfrancis.com/books/9780429148569
|z Connect to the full text of this electronic book
|t 0
|
| 999 |
f |
f |
|s a500f085-9402-4f84-be27-1533b12a86a2
|i a500f085-9402-4f84-be27-1533b12a86a2
|t 0
|
| 952 |
f |
f |
|a Texas A&M University
|b College Station
|c Electronic Resources
|d Available Online
|t 0
|e QA371 .D54 2006
|h Library of Congress classification
|
| 998 |
f |
f |
|a QA371 .D54 2006
|t 0
|l Available Online
|